Histoire de l'art dans la'antiquité (Record no. 161969)

MARC details
000 -LEADER
campo de control de longitud fija 01498nam a2200229 i 4500
001 - NÚMERO DE CONTROL
campo de control 161969
003 - IDENTIFICADOR DE NÚMERO DE CONTROL
campo de control ES-MaACL
005 - FECHA Y HORA DE LA ÚLTIMA TRANSACCIÓN
campo de control 20250812024134.0
008 - DATOS DE LONGITUD FIJA--INFORMACIÓN GENERAL
campo de control de longitud fija 990701m18821914fr aef |||| | fre d
040 ## - FUENTE DE CATALOGACIÓN
Centro catalogador/agencia de origen CCPB | B
Lengua de catalogación spa
Centro/agencia transcriptor CCPB | B
100 1# - ENTRADA PRINCIPAL--NOMBRE DE PERSONA
Nombre de persona Perrot, Georges.
9 (RLIN) 91375
245 10 - MENCIÓN DEL TÍTULO
Título Histoire de l'art dans la'antiquité
Resto del título : Égypte, Assyrie, Perse, Asie Mineure, Grèce, Étrurie, Rome /
Mención de responsabilidad, etc. par Georges Perrot et Charles Chipiez.
260 ## - PUBLICACIÓN, DISTRIBUCIÓN, ETC.
Lugar de publicación, distribución, etc. Paris :
Nombre del editor, distribuidor, etc. Librairie Hachette et Cie,
Fecha de publicación, distribución, etc. 1882-1914 (
Fabricante Typographie Georges Chamerot)
300 ## - DESCRIPCIÓN FÍSICA
Extensión 10 v. :
Otras características físicas il. ;
Dimensiones 28 cm.
505 8# - NOTA DE CONTENIDO CON FORMATO
Nota de contenido con formato Contiene : t. 1º. L'Egypte (LXXVI, 879 p., [13] h. de lám.) -- t. II. Chaldée et Assyrie (825 p., [16] h. de lám.) -- t. III. Phénicie-Cypre (921 p., [8] h. de lám.) -- t. IV. Judée, Sardaigne, Syrie, Cappadoce (833 p., [5] h. de lám., [2] h. de plan.) -- t. V. Perse, Phrygie, Lydie et Carie, Lycie (928 p., [7] h. de lám., [2] h. pleg.) -- t. VI. La Grèce primitive : l'art mycénien (1030 p., [10] h. de lám., [8] h. pleg.) -- t. VII. La Grèce de l'Epopée, la Grèce archaïque (le Temple) (691 p., [9] h de lám.) -- t. VIII. La Grèce archaïque : la sculpture (XV, 756 p., [14] h. de lám)
596 ## - NOTA AL PIE DE IMPRENTA
NOTA AL PIE DE IMPRENTA Impresor del t. IX: Typographie 4Phillipe Renouard.
597 ## - NOTA DE DESCRIPCIÓN FÍSICA
NOTA DE DESCRIPCIÓN FÍSICA Contiene también lám. y plan.
650 04 - PUNTO DE ACCESO ADICIONAL DE MATERIA--TÉRMINO DE MATERIA
Término de materia o nombre geográfico como elemento de entrada Arte-
Subdivisión de forma Historia
9 (RLIN) 10107
700 1# - ENTRADA AGREGADA--NOMBRE PERSONAL
Nombre de persona Chipiez, Charles.
9 (RLIN) 168976
852 ## - LOCALIZACIÓN
Ubicación ES-MaACL
Número de control de estantería B-12377-12386
Nota libre -- Enc. pasta española
Holdings
Estatus retirado Estado de pérdida Estado de daño No para préstamo Colección Biblioteca de origen Biblioteca actual Ubicación en estantería Fecha de adquisición Fuente de adquisición Total de préstamos Signatura topográfica completa Código de barras Visto por última vez Precio de reemplazo Tipo de ítem Koha
        Libros del s. XIX Biblioteca del Ateneo de Madrid Biblioteca del Ateneo de Madrid Sala Pardo Bazán 17/01/2008     B-12377-12386 1169668 23/02/2023 23/02/2023 Libro impreso antiguo